| 000 | 00424nam a2200169Ia 4500 | ||
|---|---|---|---|
| 001 | 23929 | ||
| 005 | 20260414151010.0 | ||
| 008 | 260414t2014||||xx |||||||||||||| ||spa|| | ||
| 041 | _aESP | ||
| 082 |
_a720.9856 _bV72 |
||
| 100 |
_aViñuales, Graciela María _eAUT |
||
| 245 | 0 |
_aHistoria de los pueblos de indios de Cusco y Apurímac _b |
|
| 260 | _c2014 | ||
| 650 | _aABD | ||
| 654 | _aCAU | ||
| 942 |
_cLIB _dJUS _fJUS _2ddc _n |
||
| 999 |
_c23929 _d23929 |
||